Warum noch Ehe?: Erklärungsversuche der kindorientierten Eheschliessung
| Main Author: | |
|---|---|
| Format: | Print Book |
| Language: | German |
| Published: |
Bielefeld
Kleine
1997
|
| In: |
Wissenschaftliche Reihe (89)
Year: 1997 |
| Online Access: |
Table of Contents Table of Contents |
| Check availability: | HBZ Gateway |
| Subito Delivery Service: | Order now. |
| Keywords: |
MARC
| LEADER | 00000cam a2200000 c 4500 | ||
|---|---|---|---|
| 001 | 227565819 | ||
| 003 | DE-627 | ||
| 005 | 20260206200919.0 | ||
| 007 | tu | ||
| 008 | 970516s1997 gw ||||| m 00| ||ger c | ||
| 015 | |a 97,N22,0134 |2 dnb | ||
| 015 | |a 99,A05,0211 |2 dnb | ||
| 016 | 7 | |a 950372714 |2 DE-101 | |
| 020 | |a 3893702555 |c (kart.) |9 3-89370-255-5 | ||
| 035 | |a (DE-627)227565819 | ||
| 035 | |a (DE-603)05278410X | ||
| 035 | |a (DE-576)059869178 | ||
| 035 | |a (DE-599)DNB950372714 | ||
| 035 | |a (OCoLC)40284774 | ||
| 035 | |a (OCoLC)235954284 | ||
| 035 | |a (OCoLC)40284774 | ||
| 040 | |a DE-627 |b ger |c DE-627 |e rakwb | ||
| 041 | |a ger | ||
| 044 | |c XA-DE |c XA-DE-NI | ||
| 082 | 0 | 4 | |a 11 |q dnb |
| 084 | |a NDS 231 |2 sfb | ||
| 084 | |a NDS 462 |2 sfb | ||
| 084 | |a S 520 |2 sfb | ||
| 084 | |a S 530,3 |2 sfb | ||
| 084 | |a 14 |2 sdnb | ||
| 084 | |a 14 |a 11 |2 sdnb | ||
| 084 | |a 1 |2 ssgn | ||
| 084 | |a MS 1930 |2 rvk |0 (DE-625)rvk/123625: | ||
| 084 | |a BL 5250 |2 rvk |0 (DE-625)rvk/12168: | ||
| 084 | |a 71.22 |2 bkl | ||
| 100 | 1 | |8 1\p |a Matthias-Bleck, Heike |0 (DE-588)104381477 |0 (DE-627)519012739 |0 (DE-576)289513820 |4 aut | |
| 109 | |a Matthias-Bleck, Heike |a Bleck, Heike Matthias- | ||
| 245 | 1 | 0 | |a Warum noch Ehe? |b Erklärungsversuche der kindorientierten Eheschliessung |c Heike Matthias-Bleck |
| 264 | 1 | |a Bielefeld |b Kleine |c 1997 | |
| 300 | |a 173 S |b graph. Darst |c 21 cm | ||
| 336 | |a Text |b txt |2 rdacontent | ||
| 337 | |a ohne Hilfsmittel zu benutzen |b n |2 rdamedia | ||
| 338 | |a Band |b nc |2 rdacarrier | ||
| 490 | 1 | |a Wissenschaftliche Reihe |v 89 | |
| 500 | |a Literaturverz. S. 157 - 173 | ||
| 502 | |a Zugl.: Oldenburg, Univ., Diss., 1996 | ||
| 655 | 7 | |a Hochschulschrift |0 (DE-588)4113937-9 |0 (DE-627)105825778 |0 (DE-576)209480580 |2 gnd-content | |
| 689 | 0 | 0 | |d g |0 (DE-588)4042226-4 |0 (DE-627)106215507 |0 (DE-576)209049227 |a Niedersachsen |2 gnd |
| 689 | 0 | 1 | |d s |0 (DE-588)4013657-7 |0 (DE-627)106342479 |0 (DE-576)208904964 |a Eheschließung |2 gnd |
| 689 | 0 | 2 | |d s |0 (DE-588)4132883-8 |0 (DE-627)105684287 |0 (DE-576)20963930X |a Soziale Norm |2 gnd |
| 689 | 0 | 3 | |d s |0 (DE-588)4040364-6 |0 (DE-627)106223844 |0 (DE-576)209039698 |a Motivation |2 gnd |
| 689 | 0 | 4 | |d s |0 (DE-588)4155053-5 |0 (DE-627)104358769 |0 (DE-576)209815914 |a Forschungsprojekt |2 gnd |
| 689 | 0 | |5 DE-101 | |
| 689 | 1 | 0 | |d s |0 (DE-588)4125352-8 |0 (DE-627)10574087X |0 (DE-576)209575883 |a Kinderwunsch |2 gnd |
| 689 | 1 | |5 DE-101 | |
| 751 | |a Oldenburg |4 uvp | ||
| 830 | 0 | |a Wissenschaftliche Reihe |v 89 |9 89 |w (DE-627)12915783X |w (DE-576)00879202X |w (DE-600)49500-1 |7 am | |
| 856 | 4 | 2 | |u http://www.gbv.de/dms/hbz/toc/ht007610632.pdf |m V:DE-605 |q pdf/application |v 2008-11-15 |x Verlag |y Inhaltsverzeichnis |3 Inhaltsverzeichnis |7 1 |
| 856 | 4 | 2 | |u http://scans.hebis.de/HEBCGI/show.pl?05278410_toc.pdf |m V:DE-605 |q application/pdf |3 Inhaltsverzeichnis |7 1 |
| 883 | |8 1\p |a cgwrk |d 20241001 |q DE-101 |u https://d-nb.info/provenance/plan#cgwrk | ||
| 889 | |w (DE-627)074833081 | ||
| 935 | |a mteo | ||
| 935 | |i Blocktest | ||
| 935 | |h HEB |i 0501 | ||
| 935 | |h HEB |i 0503 | ||
| 936 | r | v | |a MS 1930 |b Partnerschaft, Ehe |k Soziologie |k Spezielle Soziologien |k Familiensoziologie |k Partnerschaft, Ehe |0 (DE-627)1271118777 |0 (DE-625)rvk/123625: |0 (DE-576)201118777 |
| 936 | r | v | |a BL 5250 |b Ehe |k Theologie und Religionswissenschaften |k Christliche Gesellschaftslehre |k Formen und Strukturen der Gesellschaft |k Ehe und Familie |k Ehe |0 (DE-627)1270727419 |0 (DE-625)rvk/12168: |0 (DE-576)200727419 |
| 936 | b | k | |a 71.22 |j Ehe |x Soziologie |0 (DE-627)106412442 |
| 936 | s | n | |a m200 |2 mzub |
| 936 | s | n | |a b100 |2 mzub |
| 936 | s | n | |a c200 |2 mzub |
| 951 | |a BO | ||
| ELC | |b 1 | ||
| LOK | |0 000 xxxxxcx a22 zn 4500 | ||
| LOK | |0 001 319303858X | ||
| LOK | |0 003 DE-627 | ||
| LOK | |0 004 227565819 | ||
| LOK | |0 005 20151116135111 | ||
| LOK | |0 008 150728||||||||||||||||ger||||||| | ||
| LOK | |0 035 |a (DE-21-110)kd52271 | ||
| LOK | |0 040 |a DE-21-110 |c DE-627 |d DE-21-110 | ||
| LOK | |0 689 |a s |a Gründe | ||
| LOK | |0 689 |a s |a Eheschließung | ||
| LOK | |0 852 |z Kein Bestand am IfK; Nachweis für KrimDok | ||
| LOK | |0 852 |a DE-21-110 | ||
| LOK | |0 852 1 |9 00 | ||
| LOK | |0 935 |a k110 | ||
| LOK | |0 939 |a 28-07-15 |b l01 | ||
| ORI | |a SA-MARC-krimdoka001.raw | ||
| TIM | |a 100019461101_100020261231 |b 1946-11-01 - 2026 | ||
